Inquiry into math, science, and technology for teaching young children / (Record no. 25952)
[ view plain ]
| 000 -LEADER | |
|---|---|
| fixed length control field | 01618cam a22003614a 4500 |
| 005 - DATE AND TIME OF LATEST TRANSACTION | |
| control field | 20230713105431.0 |
| 008 - FIXED-LENGTH DATA ELEMENTS--GENERAL INFORMATION | |
| fixed length control field | 040727s2005 nyua b 001 0 eng |
| 010 ## - LIBRARY OF CONGRESS CONTROL NUMBER | |
| LC control number | 2004017299 |
| 020 ## - INTERNATIONAL STANDARD BOOK NUMBER | |
| ISBN | 1401833594 |
| 040 ## - CATALOGING SOURCE | |
| Original cataloging agency | DLC |
| Transcribing agency | DLC |
| Modifying agency | DLC |
| 042 ## - AUTHENTICATION CODE | |
| Authentication code | pcc |
| 043 ## - GEOGRAPHIC AREA CODE | |
| Geographic area code | n-us--- |
| 050 00 - LIBRARY OF CONGRESS CALL NUMBER | |
| Classification number | QA135.6 |
| Item number | .P69 2005 |
| 082 00 - DEWEY DECIMAL CLASSIFICATION NUMBER | |
| Classification number | 372.35 |
| Edition number | 22 |
| Item number | PRA-I |
| 100 1# - MAIN ENTRY--AUTHOR | |
| Author Name | Prairie, Arleen. |
| 245 10 - TITLE STATEMENT | |
| Title | Inquiry into math, science, and technology for teaching young children / |
| Statement of responsibility, etc. | Arleen Pratt Prairie, with contributions by Warren Buckleitner. |
| 260 ## - PUBLICATION, DISTRIBUTION, ETC. | |
| Place of Publication | Clifton Park : |
| Name of publisher, distributor, etc. | Thomson Delmar Learning, |
| Date of publication, distribution, etc. | c2005. |
| 300 ## - PHYSICAL DESCRIPTION | |
| Pages | xxviii, 420 p. : |
| 500 ## - GENERAL NOTE | |
| General note | include index. |
| 504 ## - BIBLIOGRAPHY, ETC. NOTE | |
| Bibliography, etc. note | Includes bibliographical references and index. |
| 650 #0 - SUBJECT ADDED ENTRY--TOPICAL TERM | |
| Subject / Department | Mathematics |
| General subdivision | Study and teaching (Preschool) |
| Geographic subdivision | United States. |
| 650 #0 - SUBJECT ADDED ENTRY--TOPICAL TERM | |
| Subject / Department | Science |
| General subdivision | Study and teaching (Preschool) |
| Geographic subdivision | United States. |
| 650 #0 - SUBJECT ADDED ENTRY--TOPICAL TERM | |
| Subject / Department | Technology |
| General subdivision | Study and teaching (Preschool) |
| Geographic subdivision | United States. |
| 650 #0 - SUBJECT ADDED ENTRY--TOPICAL TERM | |
| Subject / Department | Curriculum planning |
| Geographic subdivision | United States. |
| 650 #0 - SUBJECT ADDED ENTRY--TOPICAL TERM | |
| Subject / Department | Education |
| General subdivision | Curricula |
| Geographic subdivision | United States. |
| 700 1# - ADDED ENTRY--PERSONAL NAME | |
| Personal name | Buckleitner, Warren. |
| 300 ## - PHYSICAL DESCRIPTION | |
| -- | ill. ; |
| -- | 24 cm. |
| 856 41 - | |
| -- | Table of contents |
| -- | http://www.loc.gov/catdir/toc/ecip0421/2004017299.html |
| 856 42 - | |
| -- | Contributor biographical information |
| -- | http://www.loc.gov/catdir/enhancements/fy1103/2004017299-b.html |
| 856 42 - | |
| -- | Publisher description |
| -- | http://www.loc.gov/catdir/enhancements/fy1103/2004017299-d.html |
| 906 ## - LOCAL DATA ELEMENT F, LDF (RLIN) | |
| a | 7 |
| b | cbc |
| c | orignew |
| d | 1 |
| e | ecip |
| f | 20 |
| g | y-gencatlg |
| 952 ## - LOCATION AND ITEM INFORMATION (KOHA) | |
| -- | 0 |
| -- | 0 |
| Lost status | Damaged status | Collection code | Permanent Location | Current Location | Shelving Location | Date acquired | Full Call Number | Accession No./Barcode | Date last seen | item type | Koha item type |
|---|---|---|---|---|---|---|---|---|---|---|---|
| CS/IT | Superior Information Resource Center (SIRC) Superior University- Gold Campus | Superior Information Resource Center (SIRC) Superior University- Gold Campus | MISC | 07/13/2023 | 372.35 PRA-I 2005 | 19432 | 07/13/2023 | BOOK | BOOK |
